000 00300nam a22001337a 4500
008 171019b xxu||||| |||| 00| 0 eng d
020 _a9780324015751
041 _aeng
080 _a338
100 _a53
101 _aMEN
245 _aHOW TO THINK LIKE AN ECONOMIST
_cARNOLD,R.A
942 _2udc
_cBK
999 _c34877
_d34877